| 000 | 01683cam a2200373 i 4500 | ||
|---|---|---|---|
| 001 | 20531355 | ||
| 003 | OSt | ||
| 005 | 20260218154246.0 | ||
| 008 | 180606s2018 ilu b 001 0 eng | ||
| 010 | _a 2018011864 | ||
| 020 |
_a9781433559679 _q(hc) |
||
| 020 |
_z9781433559709 _q(ePub) |
||
| 020 |
_z9781433559686 _q(PDF) |
||
| 020 |
_z9781433559693 _q(Mobipocket) |
||
| 035 | _a20531355 | ||
| 040 |
_aDLC _beng _erda _cDLC _dDLC |
||
| 042 | _apcc | ||
| 050 | 0 | 0 |
_aBS1285.52 _b.D49 2018 |
| 082 | 0 | 0 |
_a241.5/2 _223 |
| 100 | 1 |
_aDeYoung, Kevin, _eauthor. |
|
| 245 | 1 | 4 |
_aThe 10 commandments : _bwhat they mean, why they matter, and why we should obey them / _cKevin DeYoung. |
| 264 | 1 |
_aWheaton, Illinois : _bCrossway, _c[2018] |
|
| 300 |
_a203 pages ; _c21 cm |
||
| 336 |
_atext _btxt _2rdacontent |
||
| 337 |
_aunmediated _bn _2rdamedia |
||
| 338 |
_avolume _bnc _2rdacarrier |
||
| 504 | _aIncludes bibliographical references (pages 189-192) and indexes. | ||
| 505 | 0 | _aGod and God alone -- The way of worship -- What's in a name? -- Rest, rejoice, repeat -- Honor to whom honor is due -- Murder, we wrote -- An affair of the heart -- Treasures in heaven -- True witnesses -- The rare Jewel of Christian contentment. | |
| 630 | 0 | 0 |
_aTen commandments _xCriticism, interpretation, etc. |
| 776 | 0 | 8 |
_iOnline version: _aDeYoung, Kevin, author. _tTen Commandments _dWheaton : Crossway, 2018 _z9781433559686 _w(DLC) 2018029548 |
| 906 |
_a7 _bcbc _corignew _d1 _eecip _f20 _gy-gencatlg |
||
| 942 |
_2lcc _cBK |
||
| 999 |
_c21287 _d21286 |
||